[Event "CAMPEONATO DE ESPAÑA ABSOLUTO"]
[Site "EL SAUZAL - TENERIFE - ISLAS CANARIAS"]
[Date "2010.09.05"]
[Round "2"]
[Board "31"]
[White "Lopez Pereyra, Antonio"]
[Black "Ramirez Medina, Victor"]
[Result "1-0"]
[WhiteElo "2079"]
[BlackElo "1816"]
[PlyCount "71"]
[EventDate "2010.09.04"]
[EventRounds "9"]
[EventCountry "ESP"]

1.e4 c5 2.Nf3 d6 3.d4 cxd4 4.Nxd4 Nf6 5.Nc3 a6 6.Bc4 e6 7.Bb3 b5 8.Bg5 Be7 9.Qf3
Bb7 10.Bxe6 fxe6 11.Nxe6 Qa5 12.Nxg7+ Kf7 13.Bxf6 Bxf6 14.Nf5 Rd8 15.O-O Qc7
16.Rad1 b4 17.Nd5 Bxd5 18.Rxd5 Nc6 19.Rfd1 Kg8 20.Nh6+ Kg7 21.Qg4+ Kh8 22.Qe6
Qe7 23.Nf7+ Kg7 24.Nxd8 Rxd8 25.Qf5 Bxb2 26.R1d3 Ne5 27.Rh3 Kh8 28.Rxh7+ Qxh7
29.Qf6+ Qg7 30.Qxd8+ Kh7 31.Rxd6 Nf7 32.Qh4+ Nh6 33.Re6 b3 34.axb3 Ba3 35.e5 Qd7
36.Qxh6+ 1-0

[Event "CAMPEONATO DE ESPAÑA ABSOLUTO"]
[Site "EL SAUZAL - TENERIFE - ISLAS CANARIAS"]
[Date "2010.09.05"]
[Round "2"]
[Board "32"]
[White "Perez Castellano, Susana"]
[Black "Rodriguez Ferraz, Borja"]
[Result "1-0"]
[WhiteElo "1799"]
[BlackElo "2079"]
[PlyCount "157"]
[EventDate "2010.09.04"]
[EventRounds "9"]
[EventCountry "ESP"]

1.e4 e5 2.Nf3 Nc6 3.Bc4 Nf6 4.d3 Bc5 5.c3 d6 6.Bb3 Bb6 7.Bg5 h6 8.Bh4 Bg4 9.Nbd2
O-O 10.O-O g5 11.Bg3 Ne7 12.h3 Bh5 13.Qc2 Ng6 14.d4 Qe7 15.Rfe1 Kh7 16.Qd3 c6
17.Nh2 Rg8 18.Nc4 Bc7 19.Ne3 Rad8 20.Bc2 Qf8 21.a4 a5 22.Bd1 Bxd1 23.Raxd1 h5
24.Nf3 Nf4 25.Qc2 Qg7 26.Nf5 Qf8 27.Qb3 g4 28.hxg4 hxg4 29.Nh2 Rb8 30.Bh4 Bd8
31.dxe5 dxe5 32.Rd6 Rg6 33.Red1 Ne6 34.Bxf6 Bxf6 35.Nf1 Bg5 36.N1g3 Bf4 37.Nh5
Kh8 38.g3 Bh6 39.Kg2 b6 40.Rd7 Ng5 41.Nd6 Kg8 42.Nf5 Re6 43.R1d6 Rbe8 44.Nxh6+
Rxh6 45.Nf6+ Rxf6 46.Rxf6 Qg7 47.Rf5 Re6 48.Qxb6 Kh7 49.Qc7 Rf6 50.Qxe5 Rg6
51.Qxg7+ Kxg7 52.Rxa5 Nxe4 53.Raa7 Rf6 54.Ra5 Rxf2+ 55.Kg1 Rf3 56.Re5 Rxg3+
57.Kh2 Rh3+ 58.Kg2 Rg3+ 59.Kf1 Rf3+ 60.Ke2 Ng3+ 61.Kd1 Nf5 62.Rd2 Kf6 63.Rc5 g3
64.Rxc6+ Kg5 65.Rc8 Kg4 66.Rg8+ Kf4 67.a5 Ne3+ 68.Ke2 Rf2+ 69.Kd3 Kf3 70.a6 Nd5
71.a7 Nc7 72.a8=Q+ Nxa8 73.Rxa8 g2 74.Rg8 f5 75.b4 f4 76.Rxf2+ Kxf2 77.Ke4 f3
78.b5 Ke2 79.b6 1-0

[Event "CAMPEONATO DE ESPAÑA ABSOLUTO"]
[Site "EL SAUZAL - TENERIFE - ISLAS CANARIAS"]
[Date "2010.09.05"]
[Round "2"]
[Board "34"]
[White "Marrero Cardenes, Agustin"]
[Black "Molina Rodriguez, Borja"]
[Result "1/2-1/2"]
[WhiteElo "1787"]
[BlackElo "2058"]
[PlyCount "37"]
[EventDate "2010.09.04"]
[EventRounds "9"]
[EventCountry "ESP"]

1.d4 Nf6 2.c4 e6 3.Nc3 Bb4 4.a3 Bxc3+ 5.bxc3 c5 6.Nf3 O-O 7.e3 Nc6 8.Bd3 d6 9.e4
e5 10.d5 Ne7 11.O-O Ng6 12.Ne1 Qe7 13.Qe2 Bg4 14.f3 Bd7 15.g4 Rae8 16.Ng2 Bc8
17.h4 h5 18.g5 Nd7 19.Bd2 1/2-1/2

[Event "CAMPEONATO DE ESPAÑA ABSOLUTO"]
[Site "EL SAUZAL - TENERIFE - ISLAS CANARIAS"]
[Date "2010.09.05"]
[Round "2"]
[Board "35"]
[White "Barrio Pareja, Eduardo"]
[Black "Korneev, Svyatoslav"]
[Result "1-0"]
[WhiteElo "2049"]
[BlackElo "1787"]
[PlyCount "119"]
[EventDate "2010.09.04"]
[EventRounds "9"]
[EventCountry "ESP"]

1.e4 e6 2.d4 d5 3.Nc3 Bb4 4.exd5 exd5 5.Bd3 Nf6 6.Bg5 c6 7.Qf3 Be6 8.Nge2 Nbd7
9.O-O-O O-O 10.Rdg1 Bg4 11.Qf4 Bxe2 12.Nxe2 Be7 13.h4 Re8 14.f3 Nh5 15.Qg4 g6
16.Bd2 Bd6 17.Bg5 Qa5 18.Qxd7 Red8 19.Bxd8 Rxd8 20.Qxb7 Qxa2 21.Qa6 Qxa6 22.Bxa6
Rb8 23.g4 Nf6 24.h5 Rb6 25.Bd3 a5 26.hxg6 hxg6 27.Nc3 Bf4+ 28.Kb1 Be3 29.Ne2
Bxg1 30.Rxg1 Nd7 31.Nc3 Rb4 32.Ne2 Kf8 33.c3 Rb8 34.Kc2 Ke7 35.f4 Nb6 36.Ra1 a4
37.g5 Rh8 38.b3 axb3+ 39.Kxb3 Rh3 40.Ra7+ Nd7 41.Kc2 Kd6 42.f5 Rh2 43.fxg6 fxg6
44.Kd2 Rg2 45.Bxg6 Rxg5 46.Bd3 Nb6 47.Ke3 Rg8 48.Nf4 Re8+ 49.Kd2 Rh8 50.Ng6 Rh2+
51.Kc1 Rh3 52.Ne5 Nc4 53.Bxc4 dxc4 54.Rd7+ Ke6 55.Kb2 c5 56.Rd8 cxd4 57.cxd4 Re3
58.Nxc4 Rd3 59.Kc2 Rh3 60.Rd6+ 1-0

[Event "CAMPEONATO DE ESPAÑA ABSOLUTO"]
[Site "EL SAUZAL - TENERIFE - ISLAS CANARIAS"]
[Date "2010.09.05"]
[Round "2"]
[Board "36"]
[White "De La Rubia Ramirez, Dulce N"]
[Black "Navarro Molina, David"]
[Result "0-1"]
[WhiteElo "1774"]
[BlackElo "2047"]
[PlyCount "161"]
[EventDate "2010.09.04"]
[EventRounds "9"]
[EventCountry "ESP"]

1.e4 c5 2.Nc3 Nc6 3.g3 g6 4.Bg2 Bg7 5.f4 e6 6.Nf3 Nge7 7.O-O O-O 8.d3 d6 9.Bd2
Rb8 10.a3 b5 11.Rb1 a5 12.Ne2 b4 13.axb4 cxb4 14.b3 Qb6+ 15.Kh1 Ba6 16.Be1 Rbc8
17.Bf2 Qc7 18.Qd2 Na7 19.Rfc1 Nb5 20.Nfd4 Nc3 21.Nxc3 Qxc3 22.Qxc3 Rxc3 23.Ne2
Rcc8 24.Nd4 Rc7 25.Ra1 Nc6 26.e5 Nxd4 27.Bxd4 dxe5 28.Bb6 Rcc8 29.fxe5 a4
30.bxa4 Bxe5 31.d4 Bd6 32.Kg1 Rc3 33.Be4 Rfc8 34.d5 exd5 35.Bxd5 Rxc2 36.Rxc2
Rxc2 37.a5 Rd2 38.Bb3 Kg7 39.Be3 Rd3 40.Rd1 f5 41.Rxd3 Bxd3 42.Kf2 Kf6 43.Bd4+
Be5 44.Bc5 Bc3 45.Ke3 Ba6 46.h4 Be5 47.Kf3 Bc3 48.Bd6 h6 49.Bc7 Ke7 50.Bf4 Kd7
51.Bxh6 Kc6 52.Be3 Be5 53.Bf7 Bd3 54.Bb3 Bc7 55.Bd2 Be4+ 56.Kf2 Bxa5 57.Ke3 Kc5
58.g4 Bd8 59.h5 Bg5+ 60.Ke2 f4 61.hxg6 f3+ 62.Ke1 Bh4+ 63.Kd1 Bxg6 64.Be3+ Kb5
65.Kd2 f2 66.Bxf2 Bxf2 67.Ke2 Bd4 68.Kf3 Kc5 69.Kf4 Bf6 70.g5 Bb2 71.Kg4 Kd4
72.Be6 Bc1 73.Bb3 Kc3 74.Be6 Bd3 75.Kh4 Bc4 76.Bf5 b3 77.g6 Bh6 78.Kh5 Bg7
79.Kg4 b2 80.Bb1 Bd3 81.Ba2 0-1

[Event "CAMPEONATO DE ESPAÑA ABSOLUTO"]
[Site "EL SAUZAL - TENERIFE - ISLAS CANARIAS"]
[Date "2010.09.05"]
[Round "2"]
[Board "38"]
[White "Capote Robayna, Johanna"]
[Black "Machin Arbelo, Pedro Alexis"]
[Result "0-1"]
[WhiteElo "1740"]
[BlackElo "2032"]
[PlyCount "42"]
[EventDate "2010.09.04"]
[EventRounds "9"]
[EventCountry "ESP"]

1.e4 c5 2.Nf3 e6 3.d4 cxd4 4.Nxd4 Nf6 5.Nc3 Bb4 6.Bd3 Nc6 7.Nb3 O-O 8.O-O Bxc3
9.bxc3 d5 10.exd5 Qxd5 11.Bb2 e5 12.Re1 Bg4 13.f3 Bh5 14.Qe2 Qd8 15.Rad1 Qb6+
16.Kh1 Rfe8 17.g4 e4 18.gxh5 exd3 19.Qxd3 Qf2 20.Rg1 Re2 21.Qd6 Qxf3+ 0-1

[Event "CAMPEONATO DE ESPAÑA ABSOLUTO"]
[Site "EL SAUZAL - TENERIFE - ISLAS CANARIAS"]
[Date "2010.09.05"]
[Round "2"]
[Board "39"]
[White "Nortes Hernandez, Pedro"]
[Black "Ruiz Delgado, Basilio"]
[Result "1-0"]
[WhiteElo "2020"]
[BlackElo "1735"]
[PlyCount "95"]
[EventDate "2010.09.04"]
[EventRounds "9"]
[EventCountry "ESP"]

1.e4 c6 2.d4 d5 3.Nc3 dxe4 4.Nxe4 Nd7 5.Nf3 Ngf6 6.Bd3 e6 7.Bf4 Nb6 8.O-O Nxe4
9.Bxe4 Bd6 10.Bxd6 Qxd6 11.b3 Nd5 12.Qd2 Nf6 13.Bd3 O-O 14.c4 b6 15.Rad1 Bb7
16.Rfe1 c5 17.dxc5 Qxc5 18.Re5 Qc7 19.Rg5 g6 20.Rg3 Ne4 21.Bxe4 Bxe4 22.Re1 Bxf3
23.Rxf3 Rad8 24.Qh6 Rd6 25.Rh3 f6 26.Rhe3 Qd7 27.Qh3 e5 28.Qf3 Kg7 29.b4 Rc8
30.Rc3 Rdc6 31.Rd1 Qe6 32.Rcd3 Qxc4 33.Rd7+ Kg8 34.Qh3 h5 35.Rd8+ Rxd8 36.Rxd8+
Kg7 37.Qd7+ Kh6 38.g3 Qe6 39.Rh8+ Kg5 40.Qd2+ Kf5 41.Qd3+ e4 42.Qb5+ Kg4 43.Kg2
Qf5 44.h3+ Kg5 45.Qxc6 Qf3+ 46.Kg1 Qd1+ 47.Kh2 Qe2 48.Qd5+ 1-0

[Event "CAMPEONATO DE ESPAÑA ABSOLUTO"]
[Site "EL SAUZAL - TENERIFE - ISLAS CANARIAS"]
[Date "2010.09.05"]
[Round "2"]
[Board "40"]
[White "Medina Sanchez, Gines"]
[Black "Ponce Valero, Juan Antonio"]
[Result "0-1"]
[WhiteElo "1724"]
[BlackElo "2020"]
[PlyCount "76"]
[EventDate "2010.09.04"]
[EventRounds "9"]
[EventCountry "ESP"]

1.Nf3 c5 2.b3 d5 3.e3 Nc6 4.Bb2 Nf6 5.Be2 Qc7 6.d4 e6 7.O-O cxd4 8.Nxd4 Nxd4
9.Bxd4 Bd6 10.h3 e5 11.Bb2 a6 12.c4 Be6 13.Nd2 Rd8 14.Rc1 Qe7 15.cxd5 Bxd5
16.Nc4 Bb8 17.Qc2 O-O 18.Ba3 Qc7 19.Bxf8 Kxf8 20.Nd2 Qe7 21.e4 Bc6 22.Bf3 Kg8
23.Nc4 h5 24.Rfd1 Rf8 25.Qe2 g6 26.Rd2 Nh7 27.Rcd1 Qh4 28.g3 Qxh3 29.Rd8 Ba7
30.Rxf8+ Kxf8 31.Ne3 Ng5 32.Bg2 Qe6 33.f3 h4 34.Kh2 hxg3+ 35.Kxg3 Qf6 36.a4 Qf4+
37.Kf2 Nxe4+ 38.Kf1 Ng3+ 0-1

[Event "CAMPEONATO DE ESPAÑA ABSOLUTO"]
[Site "EL SAUZAL - TENERIFE - ISLAS CANARIAS"]
[Date "2010.09.05"]
[Round "2"]
[Board "41"]
[White "Galvan Sarmiento, Jose Luis"]
[Black "Perez Barreto, Adrian"]
[Result "0-1"]
[WhiteElo "2008"]
[BlackElo "1718"]
[PlyCount "190"]
[EventDate "2010.09.04"]
[EventRounds "9"]
[EventCountry "ESP"]

1.d4 Nf6 2.Nf3 g6 3.h3 Bg7 4.Bf4 d6 5.e3 Nc6 6.Be2 Bf5 7.a3 O-O 8.c4 Re8 9.d5
Nb8 10.Nc3 Nbd7 11.Nd4 Nc5 12.Nxf5 gxf5 13.Qc2 Qd7 14.g4 e5 15.dxe6 fxe6
16.O-O-O Nfe4 17.Nxe4 fxe4 18.g5 Re7 19.h4 b5 20.cxb5 a6 21.a4 Qc8 22.h5 axb5
23.Bxb5 Qb7 24.h6 Nd3+ 25.Rxd3 exd3 26.Qc6 Bxb2+ 27.Kxb2 Qa7 28.g6 Qa5 29.gxh7+
Rxh7 30.Rg1+ Kf8 31.Bxd6+ cxd6 32.Qxd6+ Re7 33.Qd4 Rh7 34.Qf6+ Rf7 35.h7 Qb4+
36.Ka2 Qd2+ 37.Ka3 Rxf6 38.h8=Q+ Ke7 39.Rg7+ Kd6 40.Rd7+ Kc5 41.Qxf6 Qb4+ 42.Ka2
Rxa4+ 43.Bxa4 Qxa4+ 44.Kb2 Qxd7 45.Qc3+ Kb6 46.Kc1 e5 47.Kd2 Qf5 48.f4 exf4
49.Qd4+ Kc6 50.exf4 Qg4 51.Qe4+ Kc7 52.Kxd3 Qd1+ 53.Kc4 Qc1+ 54.Kd5 Qc6+ 55.Ke5
Qd6+ 56.Kf5 Qf8+ 57.Kg4 Qg7+ 58.Kh5 Qh8+ 59.Kg5 Qd8+ 60.Kg4 Qg8+ 61.Kf3 Qb3+
62.Kf2 Qb2+ 63.Ke3 Qc1+ 64.Kd3 Qd1+ 65.Kc3 Qc1+ 66.Kb3 Qd1+ 67.Kb4 Qd6+ 68.Kc3
Qa3+ 69.Kd2 Qb2+ 70.Ke3 Qc1+ 71.Kf2 Qd2+ 72.Kf3 Qd1+ 73.Kg3 Qg1+ 74.Kh3 Qf1+
75.Kh4 Qf2+ 76.Kg5 Qg3+ 77.Kf6 Qh4+ 78.Kg6 Qg4+ 79.Kf7 Qh5+ 80.Qg6 Qd5+ 81.Kg7
Qd4+ 82.Qf6 Qg1+ 83.Kf7 Qh1 84.f5 Qh7+ 85.Kf8 Qh3 86.Kg8 Kd7 87.Qg7+ Kd6 88.Qg6+
Ke5 89.f6 Qc8+ 90.Kg7 Qd8 91.f7 Qd7 92.Qg5+ Ke4 93.Qg6+ Ke3 94.Kg8 Qd5 95.Kh7
Qd7 0-1

[Event "CAMPEONATO DE ESPAÑA ABSOLUTO"]
[Site "EL SAUZAL - TENERIFE - ISLAS CANARIAS"]
[Date "2010.09.05"]
[Round "2"]
[Board "42"]
[White "Jimenez Mendoza, Jose Miguel"]
[Black "Perez Gutierrez, Nauzet"]
[Result "1/2-1/2"]
[WhiteElo "1717"]
[BlackElo "2007"]
[PlyCount "79"]
[EventDate "2010.09.04"]
[EventRounds "9"]
[EventCountry "ESP"]

1.e4 e5 2.Nf3 Nf6 3.Nc3 Bb4 4.Bc4 d6 5.d3 Bg4 6.O-O Nc6 7.Be3 O-O 8.Nd5 Nxd5
9.Bxd5 Qd7 10.c3 Ba5 11.d4 Kh8 12.h3 Bxf3 13.Qxf3 f5 14.exf5 Rxf5 15.Qg4 exd4
16.Bxc6 bxc6 17.Bxd4 Rf7 18.Qxd7 Rxd7 19.Rfe1 Bb6 20.Rad1 Rf8 21.Re4 d5 22.Re6
c5 23.Be3 d4 24.Bf4 h6 25.Bg3 Kg8 26.c4 Kf7 27.Re4 Re8 28.Rxe8 Kxe8 29.Kf1 Re7
30.Re1 c6 31.Rxe7+ Kxe7 32.Ke2 Ke6 33.Kd3 Bd8 34.Bb8 a5 35.f3 a4 36.b3 axb3
37.axb3 Be7 38.Bf4 Bf6 39.Bd2 h5 40.g4 1/2-1/2

[Event "CAMPEONATO DE ESPAÑA ABSOLUTO"]
[Site "EL SAUZAL - TENERIFE - ISLAS CANARIAS"]
[Date "2010.09.05"]
[Round "2"]
[Board "43"]
[White "Gonzalez Garcia, Zoilo"]
[Black "Alonso Contreras, Mario Elias"]
[Result "0-1"]
[WhiteElo "1572"]
[BlackElo "1980"]
[PlyCount "52"]
[EventDate "2010.09.04"]
[EventRounds "9"]
[EventCountry "ESP"]

1.e4 c5 2.Nf3 Nc6 3.d3 d5 4.exd5 Qxd5 5.Nc3 Qd8 6.Be3 e5 7.Ne4 b6 8.g3 Nf6
9.Nfd2 Nd5 10.Bg2 Be7 11.O-O O-O 12.Nc3 Nxc3 13.bxc3 Bb7 14.Rb1 Qd7 15.Nc4 Rad8
16.Qf3 Na5 17.Qh5 Nxc4 18.dxc4 Bxg2 19.Kxg2 Qe6 20.Qe2 Rd7 21.Rfd1 Rfd8 22.Rd3
Qxc4 23.Rd2 Qxc3 24.Rb3 Rxd2 25.Bxd2 Rxd2 26.Qe4 Qd4 0-1

[Event "CAMPEONATO DE ESPAÑA ABSOLUTO"]
[Site "EL SAUZAL - TENERIFE - ISLAS CANARIAS"]
[Date "2010.09.05"]
[Round "2"]
[Board "44"]
[White "Salido Polo, Veronica"]
[Black "Perez Martin, Nicanor"]
[Result "1-0"]
[WhiteElo "1972"]
[BlackElo "1576"]
[PlyCount "65"]
[EventDate "2010.09.04"]
[EventRounds "9"]
[EventCountry "ESP"]

1.e4 c5 2.Nf3 d6 3.d4 cxd4 4.Nxd4 a6 5.Nc3 g6 6.h3 Bg7 7.Nde2 Nc6 8.g4 Nf6 9.Bg2
Bd7 10.O-O O-O 11.Be3 Rb8 12.f4 Qc7 13.Ng3 e6 14.g5 Ne8 15.f5 f6 16.h4 Ne5
17.Kh2 fxg5 18.Bxg5 exf5 19.Nd5 Ng4+ 20.Kh1 Qc5 21.Qd2 Bxb2 22.Rad1 Ng7 23.c3
Ba3 24.Bf3 Bb5 25.Bxg4 Bxf1 26.Rxf1 fxg4 27.Bf6 Rf7 28.Bd4 Rxf1+ 29.Nxf1 Qb5
30.Qf4 Nf5 31.Nf6+ Kf7 32.Nxg4 Qxf1+ 33.Qxf1 1-0

[Event "CAMPEONATO DE ESPAÑA ABSOLUTO"]
[Site "EL SAUZAL - TENERIFE - ISLAS CANARIAS"]
[Date "2010.09.05"]
[Round "2"]
[Board "45"]
[White "Rodriguez Govea, Alejandro Jose"]
[Black "Arnedo Ruiz, Alberto"]
[Result "0-1"]
[WhiteElo "1504"]
[BlackElo "1961"]
[PlyCount "46"]
[EventDate "2010.09.04"]
[EventRounds "9"]
[EventCountry "ESP"]

1.e4 c5 2.d3 Nc6 3.Nf3 g6 4.Nbd2 Bg7 5.g3 e6 6.Bg2 Nge7 7.O-O d5 8.Re1 O-O 9.c3
b5 10.h4 b4 11.c4 Rb8 12.Rb1 Qa5 13.Nb3 Qb6 14.Bf4 e5 15.Be3 d4 16.Bd2 Bg4
17.Nc1 f5 18.Qc2 fxe4 19.Rxe4 Bxf3 20.Bxf3 Rxf3 21.Kg2 Rf7 22.Qd1 Rbf8 23.f4 Nf5
 0-1

[Event "CAMPEONATO DE ESPAÑA ABSOLUTO"]
[Site "EL SAUZAL - TENERIFE - ISLAS CANARIAS"]
[Date "2010.09.05"]
[Round "2"]
[Board "47"]
[White "Rodriguez Govea, Elizabeth"]
[Black "Rodriguez Jorge, David"]
[Result "1-0"]
[WhiteElo "1479"]
[BlackElo "1940"]
[PlyCount "175"]
[EventDate "2010.09.04"]
[EventRounds "9"]
[EventCountry "ESP"]

1.e4 c5 2.Nf3 d6 3.d3 Nc6 4.g3 g6 5.Bg2 Bg7 6.O-O Nf6 7.Re1 e5 8.Nbd2 O-O 9.b3
Bd7 10.Bb2 Qc8 11.Qe2 Bh3 12.Bxh3 Qxh3 13.Qf1 Qg4 14.Qg2 Nb4 15.Rec1 Rfe8 16.a3
Nc6 17.Nc4 Rad8 18.Ne3 Qd7 19.c4 Rb8 20.Bc3 b5 21.Rcb1 Rb7 22.Rb2 Reb8 23.Rab1
Ne8 24.Nd5 Nc7 25.h4 Na6 26.Qh2 b4 27.axb4 Naxb4 28.Nxb4 Nxb4 29.Bxb4 Rxb4
30.Kg2 R8b6 31.Qh3 Qb7 32.Nd2 Bh6 33.Rd1 Bxd2 34.Rbxd2 Rxb3 35.h5 Kg7 36.h6+ Kf8
37.Qh4 Qe7 38.Qxe7+ Kxe7 39.Ra1 Rb7 40.f4 Kf6 41.Kf3 Rb1 42.Rxb1 Rxb1 43.Ra2
exf4 44.gxf4 Rb7 45.Ra6 Ke7 46.e5 dxe5 47.fxe5 Rd7 48.Ke4 Rd4+ 49.Ke3 Rh4
50.Rxa7+ Ke6 51.Ra5 Kxe5 52.Rxc5+ Ke6 53.Rc6+ Kd7 54.Rf6 Ke7 55.Rf4 Rxh6 56.c5
Rh5 57.d4 Rh3+ 58.Ke4 g5 59.Rg4 f6 60.Kd5 Rc3 61.Re4+ Kd7 62.Re6 f5 63.Rh6 g4
64.Rxh7+ Ke8 65.Rh5 f4 66.Re5+ Kd8 67.Re4 Rf3 68.c6 g3 69.Kd6 Rc3 70.Rxf4 Ke8
71.Rg4 Rc4 72.Rxg3 Rxd4+ 73.Kc7 Rb4 74.Rg8+ Ke7 75.Rb8 Rc4 76.Rb7 Ke8 77.Rb8+
Ke7 78.Rb6 Ke8 79.Rb8+ Ke7 80.Rb5 Rc2 81.Rd5 Ke6 82.Rd3 Rc1 83.Kb7 Rb1+ 84.Kc8
Rc1 85.c7 Ke7 86.Rb3 Kd6 87.Rb7 Rc6 88.Kb8 1-0

[Event "CAMPEONATO DE ESPAÑA ABSOLUTO"]
[Site "EL SAUZAL - TENERIFE - ISLAS CANARIAS"]
[Date "2010.09.05"]
[Round "2"]
[Board "48"]
[White "Javaloy Guerrero, Manuel A"]
[Black "Febles Dominguez, Alfonso Jesus"]
[Result "1-0"]
[WhiteElo "1934"]
[BlackElo "1488"]
[PlyCount "59"]
[EventDate "2010.09.04"]
[EventRounds "9"]
[EventCountry "ESP"]

1.e4 c5 2.Nf3 d6 3.d4 cxd4 4.Nxd4 Nf6 5.Nc3 a6 6.h3 e6 7.Be3 Be7 8.Qd2 Nc6 9.g4
h6 10.Rg1 Ne5 11.f4 Nc6 12.O-O-O b5 13.Nxc6 Qc7 14.Nxe7 Kxe7 15.g5 Ne8 16.f5 f6
17.gxh6 gxh6 18.fxe6 Bxe6 19.Nd5+ Bxd5 20.exd5 Rc8 21.h4 b4 22.Bh3 Rb8 23.Bd4
Qa5 24.Kb1 Kf8 25.Rdf1 Rb7 26.Bxf6 Nxf6 27.Rxf6+ Rf7 28.Rxf7+ Kxf7 29.Qf4+ Ke8
30.Re1+ 1-0

[Event "CAMPEONATO DE ESPAÑA ABSOLUTO"]
[Site "EL SAUZAL - TENERIFE - ISLAS CANARIAS"]
[Date "2010.09.05"]
[Round "2"]
[Board "49"]
[White "Diaz Sanchez, Jose Francisco"]
[Black "Abreu Perez, Abigail"]
[Result "1-0"]
[WhiteElo "1909"]
[BlackElo "1395"]
[PlyCount "83"]
[EventDate "2010.09.04"]
[EventRounds "9"]
[EventCountry "ESP"]

1.e4 c5 2.Nf3 Nc6 3.d4 cxd4 4.Nxd4 Qb6 5.Nb3 e6 6.Be3 Qc7 7.a3 Nf6 8.Nc3 a6 9.f4
e5 10.f5 Be7 11.Bd3 d6 12.g4 h6 13.Qe2 b5 14.h4 Bb7 15.O-O-O O-O-O 16.g5 hxg5
17.hxg5 Rxh1 18.Rxh1 Nd7 19.Nd5 Qb8 20.Rh7 Rg8 21.Qh5 f6 22.Qf7 Rf8 23.Nxe7+
Nxe7 24.Qxe7 Qc7 25.Rxg7 fxg5 26.Bxg5 Rh8 27.Rh7 Rg8 28.Kb1 Bc6 29.Qf7 Rf8
30.Qxf8+ Nxf8 31.Rxc7+ Kxc7 32.Na5 Be8 33.c4 bxc4 34.Nxc4 Bb5 35.Kc2 Kc6 36.Ne3
Bxd3+ 37.Kxd3 Nd7 38.b4 a5 39.f6 axb4 40.axb4 Nf8 41.f7 Kd7 42.Bh6 1-0

[Event "CAMPEONATO DE ESPAÑA ABSOLUTO"]
[Site "EL SAUZAL - TENERIFE - ISLAS CANARIAS"]
[Date "2010.09.05"]
[Round "2"]
[Board "50"]
[White "Granja Fuentes, Jorge"]
[Black "Orti Boix, Miquel Lluis"]
[Result "0-1"]
[WhiteElo "1826"]
[BlackElo "1889"]
[PlyCount "90"]
[EventDate "2010.09.04"]
[EventRounds "9"]
[EventCountry "ESP"]

1.e4 c5 2.Nf3 d6 3.d4 cxd4 4.Nxd4 Nf6 5.Nc3 a6 6.f3 e5 7.Nb3 Be7 8.Be3 Bd7 9.Qd2
O-O 10.O-O-O Bc6 11.g4 Qc7 12.h4 Nbd7 13.h5 b5 14.g5 Ne8 15.Nd5 Bxd5 16.exd5 Rc8
17.Bd3 f5 18.gxf6 Ndxf6 19.Bf5 Rb8 20.Qg2 Kh8 21.Rhg1 Nxd5 22.Rxd5 Rxf5 23.Qg4
Rf7 24.Bh6 Bf8 25.Bg5 Rc8 26.Rd2 Qc4 27.Qh3 Qc6 28.Rg3 Qd7 29.Qh1 Qf5 30.Rdg2
Rfc7 31.Qd1 d5 32.Rd2 d4 33.f4 exf4 34.Bxf4 Rxc2+ 35.Rxc2 Rxc2+ 36.Qxc2 Qxf4+
37.Nd2 Qxg3 38.Qf5 Qc7+ 39.Kd1 Nf6 40.Ne4 d3 41.Nc3 Bb4 42.h6 Bxc3 43.hxg7+ Qxg7
44.Qc8+ Ng8 45.bxc3 Qg2 0-1

[Event "CAMPEONATO DE ESPAÑA ABSOLUTO"]
[Site "EL SAUZAL - TENERIFE - ISLAS CANARIAS"]
[Date "2010.09.05"]
[Round "2"]
[Board "56"]
[White "Septien Lopez, Valeriano"]
[Black "Garcia Lorenzo, Jaime"]
[Result "1-0"]
[WhiteElo "1887"]
[BlackElo "1319"]
[PlyCount "69"]
[EventDate "2010.09.04"]
[EventRounds "9"]
[EventCountry "ESP"]

1.e4 e5 2.Nf3 Nc6 3.Bb5 Nge7 4.Nc3 a6 5.Bc4 d6 6.Ng5 d5 7.exd5 Na5 8.Be2 Nxd5
9.Nxd5 Qxd5 10.Bf3 Qd6 11.Ne4 Qe6 12.d3 Nc6 13.c3 h6 14.Be3 b6 15.Qb3 Qg6 16.Qd5
Bd7 17.Ng3 Rd8 18.Bh5 Qe6 19.Qxe6+ Bxe6 20.Be2 Be7 21.O-O Bg5 22.f4 exf4 23.Bxf4
Rd7 24.d4 Ne7 25.Bxa6 Ng6 26.Bxg5 hxg5 27.Bb5 Ne7 28.Bxd7+ Bxd7 29.Rae1 Bb5
30.Rf5 Bd7 31.Rfe5 Kd8 32.Rxe7 Re8 33.Rxe8+ Bxe8 34.Rxe8+ Kxe8 35.Kf2 1-0

[Event "CAMPEONATO DE ESPAÑA ABSOLUTO"]
[Site "EL SAUZAL - TENERIFE - ISLAS CANARIAS"]
[Date "2010.09.05"]
[Round "2"]
[Board "57"]
[White "Dos-Reis Cabrera, Jose Manuel"]
[Black "Fernandez Molina, Victor Manuel"]
[Result "0-1"]
[WhiteElo "1360"]
[BlackElo "1913"]
[PlyCount "120"]
[EventDate "2010.09.04"]
[EventRounds "9"]
[EventCountry "ESP"]

1.e4 c5 2.Nc3 Nc6 3.Nf3 e6 4.Bc4 d6 5.d3 Nf6 6.Bg5 Be7 7.O-O O-O 8.Re1 a6 9.d4
b5 10.Bf1 b4 11.Na4 Nxd4 12.Nxd4 cxd4 13.Qxd4 Qa5 14.Nb6 Rb8 15.Nc4 Qxg5 16.e5
Nd5 17.Re4 dxe5 18.Nxe5 f5 19.f4 Qf6 20.Ree1 Rd8 21.Qf2 Bb7 22.Kh1 Rbc8 23.Bd3
Bc5 24.Qf1 Ne3 25.Rxe3 Bxe3 26.Re1 Bd4 27.Nf3 Bxb2 28.Ng5 Be4 29.Nxe4 fxe4
30.Bxe4 Bc3 31.Re3 Rd2 32.Bd3 Kf8 33.f5 e5 34.h3 Qg5 35.Re2 Rxe2 36.Qxe2 Bd4
37.Kh2 Qf4+ 38.Kh1 Qf2 39.Qd1 Be3 40.Qb1 Qd2 41.Qf1 Qc1 42.Qxc1 Bxc1 43.g4 a5
44.Kg2 a4 45.Kf2 Rc3 46.Ke2 Ke7 47.Kd1 Bf4 48.Bb5 Rxh3 49.Bxa4 Kf6 50.Bb5 Kg5
51.Bf1 Rh1 52.Ke2 Rxf1 53.Kxf1 Kxg4 54.Ke2 Kxf5 55.Kd3 h5 56.c4 bxc3 57.Kxc3 h4
58.a4 h3 59.a5 h2 60.a6 h1=Q 0-1

[Event "CAMPEONATO DE ESPAÑA ABSOLUTO"]
[Site "EL SAUZAL - TENERIFE - ISLAS CANARIAS"]
[Date "2010.09.06"]
[Round "3"]
[Board "1"]
[White "Recuero Guerra, David"]
[Black "Vallejo Pons, Francisco"]
[Result "0-1"]
[WhiteElo "2457"]
[BlackElo "2697"]
[PlyCount "104"]
[EventDate "2010.09.04"]
[EventRounds "9"]
[EventCountry "ESP"]

1.e4 c5 2.Nf3 d6 3.d4 cxd4 4.Nxd4 Nf6 5.f3 Nc6 6.Nc3 e6 7.Be3 Be7 8.Qd2 a6
9.O-O-O O-O 10.g4 Nd7 11.g5 Nxd4 12.Qxd4 Bxg5 13.f4 e5 14.Qxd6 exf4 15.Bxf4
Bxf4+ 16.Qxf4 Qf6 17.Qc7 Ne5 18.Nd5 Qh6+ 19.Kb1 Bg4 20.Rc1 Rfe8 21.Bd3 b5
22.Ne7+ Kf8 23.Qxe5 Rxe7 24.Qg3 Bh5 25.h4 Rae8 26.Rcf1 Bg6 27.Qf2 Qh5 28.Rhg1
Bxe4 29.Rg5 Qf3 30.Qd4 Bg6 31.a3 Qe3 32.Qc3 Kg8 33.Rfg1 Re5 34.R5g3 Qc5 35.Qb3
Qd5 36.Qc3 Qe6 37.b3 Qe7 38.Qa5 Re1+ 39.Rxe1 Qxe1+ 40.Qxe1 Rxe1+ 41.Kb2 Bxd3
42.Rxd3 Kf8 43.Kc3 Re4 44.Rd6 Re6 45.Rxe6 fxe6 46.Kd4 g6 47.Ke5 Ke7 48.c4 bxc4
49.bxc4 h6 50.c5 g5 51.hxg5 hxg5 52.c6 Kd8 0-1

[Event "CAMPEONATO DE ESPAÑA ABSOLUTO"]
[Site "EL SAUZAL - TENERIFE - ISLAS CANARIAS"]
[Date "2010.09.06"]
[Round "3"]
[Board "2"]
[White "Anton Guijarro, David"]
[Black "Illescas Cordoba, Miguel"]
[Result "0-1"]
[WhiteElo "2403"]
[BlackElo "2591"]
[PlyCount "86"]
[EventDate "2010.09.04"]
[EventRounds "9"]
[EventCountry "ESP"]

1.e4 c5 2.Nf3 d6 3.d4 cxd4 4.Nxd4 Nf6 5.Nc3 a6 6.h3 e6 7.g4 h6 8.Bg2 g5 9.Be3
Bd7 10.Qe2 Nc6 11.O-O-O Ne5 12.Kb1 Qc7 13.Nf3 b5 14.Nxe5 dxe5 15.Qd2 b4 16.Ne2
Bb5 17.Nc1 Be7 18.f3 Nd7 19.Qf2 a5 20.Bf1 Bc6 21.Bd3 a4 22.Qe2 Qa5 23.Qd2 Nf8
24.Qf2 Rb8 25.Bc4 Ng6 26.Nd3 Bb5 27.Bxb5+ Rxb5 28.Nc1 Qc7 29.Rd3 Rb7 30.Rhd1 O-O
31.Qd2 Qc4 32.Qe2 Qc6 33.R1d2 Rc8 34.Qd1 a3 35.b3 Nf4 36.Bxf4 exf4 37.Qe1 Qc5
38.e5 Rb5 39.Rd7 Qc3 40.Nd3 Rxe5 41.Qxe5 Qxd2 42.Rc7 Rxc7 43.Qxc7 Bf6 0-1

[Event "CAMPEONATO DE ESPAÑA ABSOLUTO"]
[Site "EL SAUZAL - TENERIFE - ISLAS CANARIAS"]
[Date "2010.09.06"]
[Round "3"]
[Board "3"]
[White "Magem Badals, Jordi"]
[Black "Vassallo Barroche, Mauricio"]
[Result "1-0"]
[WhiteElo "2589"]
[BlackElo "2422"]
[PlyCount "79"]
[EventDate "2010.09.04"]
[EventRounds "9"]
[EventCountry "ESP"]

1.e4 g6 2.d4 Bg7 3.Nc3 d6 4.Nf3 Nf6 5.Be3 c6 6.Qd2 Qa5 7.h3 Nbd7 8.Bd3 e5 9.O-O
O-O 10.a3 Qc7 11.dxe5 dxe5 12.Rfd1 Re8 13.Bc4 Nb6 14.Ba2 Be6 15.Bxe6 Rxe6 16.Qe2
Ree8 17.a4 a5 18.Nd2 Bf8 19.Nc4 Nfd7 20.Nxb6 Nxb6 21.b3 Red8 22.Rxd8 Rxd8 23.Nd1
Nd7 24.Nb2 Bc5 25.Bg5 f6 26.Bh6 Bf8 27.Be3 Kg7 28.Nc4 Bc5 29.Rd1 b6 30.Qd2 Be7
31.Qe2 Bc5 32.Bd2 Nf8 33.g3 Ne6 34.c3 Qd7 35.Bh6+ Kxh6 36.Rxd7 Rxd7 37.Kg2 Kg7
38.h4 h5 39.Nb2 Kf7 40.Qc4 1-0

[Event "CAMPEONATO DE ESPAÑA ABSOLUTO"]
[Site "EL SAUZAL - TENERIFE - ISLAS CANARIAS"]
[Date "2010.09.06"]
[Round "3"]
[Board "4"]
[White "Del Rey, Diego"]
[Black "Narciso Dublan, Marc"]
[Result "1/2-1/2"]
[WhiteElo "2396"]
[BlackElo "2553"]
[PlyCount "80"]
[EventDate "2010.09.04"]
[EventRounds "9"]
[EventCountry "ESP"]

1.d4 e6 2.Nf3 f5 3.Bg5 Be7 4.Bxe7 Qxe7 5.Nbd2 Nf6 6.e3 d6 7.Bd3 Nc6 8.O-O O-O
9.c3 e5 10.dxe5 dxe5 11.e4 f4 12.Re1 Kh8 13.Bb5 Nd8 14.Qb3 Nf7 15.Qb4 c5 16.Qa3
Bg4 17.Bc4 b6 18.b4 Rac8 19.Rac1 Nd6 20.Bf1 c4 21.Qb2 Rg8 22.b5 Rc5 23.a4 Qb7
24.Qc2 g5 25.Nd4 Bd7 26.Rcd1 a6 27.Rb1 Ra8 28.Rb4 Qc8 29.bxa6 Qxa6 30.Nb5 Nxb5
31.axb5 Bxb5 32.Qb2 Qa2 33.Rxb5 Rxb5 34.Qxb5 Qxd2 35.Qxe5 Qxe1 36.Qxf6+ Kg8
37.Qxg5+ Kf8 38.Qf6+ Kg8 39.Qg5+ Kf8 40.Qf6+ Kg8 1/2-1/2